| 000 | 01747cam a2200349 4500 | ||
|---|---|---|---|
| 001 | ABS67182 | ||
| 008 | 031029n2003 000 0 eng u | ||
| 035 | _a(Sirsi) u124126 | ||
| 100 | _aRobinson, A. | ||
| 245 | _aChallenges to development plans - new plans, new problems; The Planning and Compensation Bill | ||
| 260 | _c2003 | ||
| 490 |
_aJournal of Planning and Environment Law _vNovember 2003, 1384-1393(10) |
||
| 520 | _aConsiders how development plans can be challenged under the Town and Country Planning Act 1990. Examines proposals for revising the procedure for challenging plans outlined in the Planning and Compensation Purchase Bill. These include the amendment of s284 and s187 of the 1990 Act and provision of a new section dealing exclusively with challenges to the various new forms of plans .outlined in cl78 of the Bill. Refers extensively to case law throughout. | ||
| 590 | _aABS | ||
| 650 | _aPLANNING AND COMPENSATION BILL | ||
| 650 | _aLOCAL DEVELOPMENT PLANS | ||
| 650 | _aTOWN AND COUNTRY PLANNING ACT 1990 S284 | ||
| 650 | _aTOWN AND COUNTRY PLANNING ACT 1990 S287 | ||
| 650 | _aR V TEST VALLEY BC EX P PEEL ESTATES | ||
| 650 | _aR V CORNWALL CC EX P HUNTINGTON | ||
| 650 | _aR V WILTSHIRE CC EX P NETTLECOMBE LTD | ||
| 650 | _aR V HINKLEY AND BOSWORTH BC EX P FITCHETT AND ANOTHER | ||
| 650 | _aSOUTH NORTHAMPTONSHIRE DC V CHARLES CHURCH DEVELOPMENTS LTD | ||
| 650 | _aFIRST CORPORATE SHIPPING LTD V NORTH SOMERSET DC | ||
| 650 | _aWARREN V UTTLESFORD | ||
| 650 | _aMORRIS HOLMES LTD V SOUTH RIDDLE BC | ||
| 650 | _aUNIVERSITY OF LEEDS V LEEDS CITY COUNCIL | ||
| 650 | _aR V BASSETLAW DC EX P OXBY | ||
| 690 |
_aPlanning and development _96259 |
||
| 700 | _aClement, J. | ||
| 942 | _n0 | ||
| 999 |
_c73677 _d73677 |
||